000 00965cam a22002771 4500
001 f 17000186
003 DLC
005 20260227111248.0
007 cr_|||||||||||
008 800417s1917 dcua f000 0 eng c
010 _af 17000186
035 _a(OCoLC)6213990
040 _aLibrary, U.S. Bur. of Fisheries
_cOCl
_dDLC
042 _apremarc
050 0 0 _aSH35.M2
_bA5 1917
110 1 _aUnited States.
_bBureau of Fisheries.
245 0 0 _aWork of the Bureau of fisheries and its fish-cultural station at Boothbay Harbor, Me.
260 _aWashington,
_bGovt. print. off.,
_c1917.
300 _a13 p.
_billus.
_c23 cm.
500 _aCaption title.
500 _aAt head of title: Department of commerce.
530 _aAlso available in digital form on the Internet Archive Web site.
650 0 _aFish-culture.
610 2 0 _aUnited States fish-cultural station, Boothbay Harbor, Me.
856 4 1 _uhttp://hdl.loc.gov/loc.gdc/scd0001.00028581129
999 _c23236
_d23236